Języki urzędowe państw świata - Statystyki

Ogólne statystyki
  • Ten quiz został rozwiązany 78 razy
    77 od ostatniego zresetowania
  • Średni wynik to 203 z 275
Statystyki odpowiedzi
Hint Odpowiedź % Poprawnych
Antigua i Barbuda | Australia | Bahamy | +54 others angielski
96%
Algieria | Arabia Saudyjska | Bahrajn | +19 others arabski
96%
Argentyna | Boliwia | Chile | +17 others hiszpański
94%
Austria | Belgia | Liechtenstein | +3 others niemiecki
94%
Angola | Brazylia | Gwinea Bissau | +4 others portugalski
94%
Białoruś | Kazachstan | Kirgistan | Rosja rosyjski
94%
Belgia | Benin | Burkina Faso | +25 others francuski
93%
San Marino | Szwajcaria | Watykan | Włochy włoski
91%
Dania duński
89%
Irlandia irlandzki
89%
Bośnia i Hercegowina | Serbia serbski
89%
Cypr | Grecja grecki
87%
Polska polski
87%
Finlandia | Szwecja szwedzki
87%
Cypr | Turcja turecki
87%
Bośnia i Hercegowina | Chorwacja chorwacki
85%
Czechy czeski
85%
Litwa litewski
85%
Łotwa łotewski
85%
Norwegia norweski
85%
Mołdawia | Rumunia rumuński
85%
Słowacja słowacki
85%
Słowenia słoweński
85%
Japonia | Palau japoński
83%
Korea Południowa | Korea Północna koreański
83%
Chiny | Singapur mandaryński
83%
Ukraina ukraiński
83%
Albania albański
81%
Estonia estoński
81%
Finlandia fiński
81%
Białoruś białoruski
80%
Bułgaria bułgarski
80%
Belgia | Holandia | Surinam niderlandzki
78%
Węgry węgierski
78%
Wietnam wietnamski
76%
Gruzja gruziński
74%
Fidżi | Indie hindi
74%
Indonezja indonezyjski
74%
Islandia islandzki
74%
Mongolia mongolski
74%
Iran perski
70%
Tajlandia tajski
70%
Bośnia i Hercegowina bośniacki
69%
Czarnogóra czarnogórski
69%
Filipiny filipiński
69%
Luksemburg luksemburski
69%
Izrael hebrajski
67%
Kazachstan kazachski
67%
Malta maltański
67%
Watykan łacina
63%
Nepal nepalski
61%
Armenia ormiański
61%
Andora kataloński
59%
Uzbekistan uzbecki
59%
Azerbejdżan azerski
56%
Bangladesz bengalski
56%
Somalia somalijski
56%
Kirgistan kirgiski
52%
Brunei | Malezja | Singapur malajski
52%
Republika Południowej Afryki afrikaans
48%
Samoa samoański
43%
Tadżykistan tadżycki
43%
Turkmenistan turkmeński
43%
Pakistan urdu
43%
Republika Południowej Afryki zulu
43%
Afganistan paszto
41%
Tanzania | Uganda suahili
41%
Mjanma birmański
39%
Kambodża khmerski
39%
Laos laotański
39%
Palau palau
35%
Fidżi fidżyjski
33%
Haiti haitański
33%
Nowa Zelandia maoryski
31%
Etiopia amharski
30%
Kiribati kiribati
30%
Irak kurdyjski
30%
Seszele seszelski
30%
Singapur | Sri Lanka tamilski
30%
Szwajcaria romansz
28%
Republika Południowej Afryki tswana
28%
Republika Południowej Afryki suazi
26%
Afganistan dari
22%
Peru keczua
22%
Madagaskar malgaski
22%
Wyspy Marshalla marszalski
22%
Republika Południowej Afryki xhosa
22%
Sri Lanka syngaleski
19%
Maroko berberski
17%
Kenia swahili
17%
Bhutan dzongkha
15%
Komory komoryjski
15%
Republika Południowej Afryki soto
15%
Tuvalu tuvalski
15%
Paragwaj guarani
13%
Nauru nauruański
13%
Nowa Zelandia nowozelandzki język migowy
13%
Algieria tamazight
13%
Tonga tongijski
13%
Peru ajmara
11%
Burundi kirundi
11%
Lesotho sesotho
11%
Erytrea tigrinia
11%
Timor Wschodni tetum
9%
Eswatini swazi
7%
Republika Południowej Afryki tsonga
7%
Vanuatu bislama
6%
Malediwy dhivehi
6%
Papua-Nowa Gwinea hiri motu
6%
Republika Południowej Afryki ndebele
6%
Botswana setswana
6%
Papua-Nowa Gwinea tok pisin
6%
Republika Południowej Afryki venda
6%
Rwanda kinyarwanda
4%
Republika Południowej Afryki pedi
4%
Republika Środkowoafrykańska sango
4%
Zimbabwe shona
4%
Malawi chichewa
2%
Zimbabwe sindebele
0%
Nie znaleziono quizów pasujących do podanych kryteriów
Rozkład punktacji
Procent ludzi z każdym wynikiem
Percentyl według liczby udzielonych odpowiedzi
Twoja historia wyników
Nie rozwiązałeś tego quizu od ostatniego zresetowania